Gospel, church & kingdom : (Record no. 1761)

MARC details
000 -LEADER
fixed length control field 00814cam a2200265 a 4500
001 - CONTROL NUMBER
control field 3840558
003 - CONTROL NUMBER IDENTIFIER
control field GBCCL
005 - DATE AND TIME OF LATEST TRANSACTION
control field 20241126110408.0
008 - FIXED-LENGTH DATA ELEMENTS--GENERAL INFORMATION
fixed length control field 870618s1987 mnu b 001 0 eng
010 ## -
-- 87017570
020 ## - INTERNATIONAL STANDARD BOOK NUMBER
International Standard Book Number 0806622806 (pbk.)
040 ## - CATALOGING SOURCE
Original cataloging agency DLC
Transcribing agency DLC
Modifying agency DLC
050 00 -
-- BV2063
-- .S48 1987
082 00 - DEWEY DECIMAL CLASSIFICATION NUMBER
Classification number 266
Edition information 19
Item number SCH
100 1# - MAIN ENTRY--PERSONAL NAME
Personal name Scherer, James A.
9 (RLIN) 3648
245 10 - TITLE STATEMENT
Title Gospel, church & kingdom :
Remainder of title comparative studies in world mission theology /
Statement of responsibility, etc. James A. Scherer.
260 ## - PUBLICATION, DISTRIBUTION, ETC.
Place of publication, distribution, etc. Minneapolis :
Name of publisher, distributor, etc. Augsburg Pub. House,
Date of publication, distribution, etc. c1987.
300 ## - PHYSICAL DESCRIPTION
Extent 271 p. ;
Dimensions 22 cm.
500 ## - GENERAL NOTE
General note Includes index.
504 ## - BIBLIOGRAPHY, ETC. NOTE
Bibliography, etc. note Bibliography: p. 264-267.
650 #0 - SUBJECT ADDED ENTRY--TOPICAL TERM
Topical term or geographic name entry element Missions
General subdivision Theory.
9 (RLIN) 48
740 0# -
-- Gospel, church, and kingdom.
906 ## - LOCAL DATA ELEMENT F, LDF (RLIN)
a 7
b cbc
c orignew
d 1
e ocip
f 19
g y-gencatlg
942 ## - ADDED ENTRY ELEMENTS (KOHA)
Source of classification or shelving scheme Dewey Decimal Classification
Koha item type Books
Koha issues (borrowed), all copies 9
Holdings
Withdrawn status Lost status Source of classification or shelving scheme Damaged status Not for loan Home library Current Library Shelving location Date acquired Total checkouts Full call number Barcode Date last seen Date last checked out Copy number Price effective from Koha item type Total renewals
    Dewey Decimal Classification     GRACE BIBLE COLLEGE GRACE BIBLE COLLEGE Ministry & Mission 2017-05-25 3 266 SCH 010378 2025-05-01 2019-10-30 c.1 2017-05-25 Books  
    Dewey Decimal Classification     GRACE BIBLE COLLEGE GRACE BIBLE COLLEGE Ministry & Mission 2017-05-25 3 266 SCH 010379 2025-05-01 2019-10-22 c.2 2017-05-25 Books 2
    Dewey Decimal Classification     GRACE BIBLE COLLEGE GRACE BIBLE COLLEGE Ministry & Mission 2017-05-25 3 266 SCH 010380 2025-05-01 2019-10-25 c.3 2017-05-25 Books  
© Grace Bible College Library 2025